<?xml version="1.0" encoding="UTF-8"?>
<record
    xmlns:xsi="http://www.w3.org/2001/XMLSchema-instance"
    xsi:schemaLocation="http://www.loc.gov/MARC21/slim http://www.loc.gov/standards/marcxml/schema/MARC21slim.xsd"
    xmlns="http://www.loc.gov/MARC21/slim">

  <leader>01552nam a2200253 a 4500</leader>
  <controlfield tag="003">DO-SdBNP</controlfield>
  <controlfield tag="005">20260505103257.0</controlfield>
  <controlfield tag="007">ta</controlfield>
  <controlfield tag="008">220923e2019    dr  |||fr||||o001 0 spa d</controlfield>
  <datafield tag="040" ind1=" " ind2=" ">
    <subfield code="a">DO-SdBNP</subfield>
    <subfield code="b">spa</subfield>
    <subfield code="c">BNPHU</subfield>
  </datafield>
  <datafield tag="082" ind1=" " ind2="4">
    <subfield code="2">22</subfield>
    <subfield code="b">T348c</subfield>
  </datafield>
  <datafield tag="110" ind1="2" ind2=" ">
    <subfield code="9">59902</subfield>
    <subfield code="a">Teatro Nacional (Rep&#xFA;blica Dominicana)</subfield>
  </datafield>
  <datafield tag="245" ind1="1" ind2="0">
    <subfield code="a">C&#xF3;digo de &#xE9;tica institucional. /</subfield>
    <subfield code="c">Presentaci&#xF3;n, Erasmo A. C&#xE1;faro</subfield>
  </datafield>
  <datafield tag="260" ind1=" " ind2=" ">
    <subfield code="a">Santo Domingo :</subfield>
    <subfield code="b">Comisi&#xF3;n de &#xC9;tica P&#xFA;blica del Teatro Nacional,</subfield>
    <subfield code="c">2019</subfield>
  </datafield>
  <datafield tag="300" ind1=" " ind2=" ">
    <subfield code="a">[27] ;</subfield>
    <subfield code="c">27 cm.</subfield>
  </datafield>
  <datafield tag="505" ind1=" " ind2=" ">
    <subfield code="a">Presentaci&#xF3;n.</subfield>
    <subfield code="t">Introducci&#xF3;n.--</subfield>
    <subfield code="t">Antecedentes.--</subfield>
    <subfield code="t">Objetivo del C&#xF3;digo de &#xC9;tica.--</subfield>
    <subfield code="t">Definiciones y alcances.--</subfield>
    <subfield code="t">Misi&#xF3;n - Visi&#xF3;n - Valores.--</subfield>
    <subfield code="t">Servicio de Calidad.--</subfield>
    <subfield code="t">Responsabilidad.--</subfield>
    <subfield code="t">Transparencia.--</subfield>
    <subfield code="t">Otros valores.--</subfield>
    <subfield code="t">Lealtad y Compromiso.--</subfield>
    <subfield code="t">Trabajo en equipo y respeto.--</subfield>
    <subfield code="t">Honestidad.--</subfield>
    <subfield code="t">Funciones de la Comisi&#xF3;n de &#xC9;tica.--</subfield>
    <subfield code="t">Honestidad.--</subfield>
    <subfield code="t">Funciones de la Comisi&#xF3;n de &#xC9;tica.--</subfield>
    <subfield code="t">Nuestros compromisos como colaboradores del Teatro Nacional Eduardo Brito.--</subfield>
    <subfield code="t">Lineamientos y Deberes &#xC9;ticos.--</subfield>
    <subfield code="t">Lineamientos &#xC9;ticos.--</subfield>
    <subfield code="t">Sistema de Consecuencias.--</subfield>
    <subfield code="t">Consultas y Denuncias.--</subfield>
    <subfield code="t">Proceso disciplinario de los funcionarios.--</subfield>
    <subfield code="t">Certificaci&#xF3;n de Conocimiento y cumplimiento.--</subfield>
    <subfield code="t">Visto.--</subfield>
    <subfield code="t">Conclusi&#xF3;n.</subfield>
  </datafield>
  <datafield tag="590" ind1=" " ind2=" ">
    <subfield code="a">Inventariado 2022 / MF</subfield>
  </datafield>
  <datafield tag="650" ind1=" " ind2="4">
    <subfield code="a">Instituciones p&#xFA;blicas</subfield>
    <subfield code="x">&#xC9;tica</subfield>
    <subfield code="9">31117</subfield>
  </datafield>
  <datafield tag="650" ind1=" " ind2="4">
    <subfield code="a">Administraci&#xF3;n P&#xFA;blica</subfield>
    <subfield code="x">Legislaci&#xF3;n</subfield>
    <subfield code="z">Rep&#xFA;blica Dominicana</subfield>
    <subfield code="9">19963</subfield>
  </datafield>
  <datafield tag="650" ind1=" " ind2="0">
    <subfield code="a">Funcionarios p&#xFA;blicos </subfield>
    <subfield code="9">31118</subfield>
  </datafield>
  <datafield tag="700" ind1=" " ind2=" ">
    <subfield code="a">C&#xE1;faro, Erasmo A. </subfield>
    <subfield code="e">present.</subfield>
    <subfield code="9">82429</subfield>
  </datafield>
  <datafield tag="910" ind1=" " ind2=" ">
    <subfield code="a">MFeliz</subfield>
  </datafield>
  <datafield tag="942" ind1=" " ind2=" ">
    <subfield code="2">ddc</subfield>
    <subfield code="c">LF2</subfield>
  </datafield>
  <datafield tag="952" ind1=" " ind2=" ">
    <subfield code="0">0</subfield>
    <subfield code="1">0</subfield>
    <subfield code="2">ddc</subfield>
    <subfield code="5">1</subfield>
    <subfield code="7">0</subfield>
    <subfield code="8">PD</subfield>
    <subfield code="a">BNPHU</subfield>
    <subfield code="b">BNPHU</subfield>
    <subfield code="c">CT</subfield>
    <subfield code="d">2019-10-18</subfield>
    <subfield code="e">Dep&#xF3;sito legal / Editora B&#xFA;ho</subfield>
    <subfield code="l">0</subfield>
    <subfield code="o">T348c</subfield>
    <subfield code="p">2022-4058</subfield>
    <subfield code="r">2022-09-23</subfield>
    <subfield code="w">2022-09-23</subfield>
    <subfield code="y">LF2</subfield>
  </datafield>
  <datafield tag="999" ind1=" " ind2=" ">
    <subfield code="c">52457</subfield>
    <subfield code="d">52457</subfield>
  </datafield>
</record>
